书目信息 |
| 题名: |
高等师范院校无机及分析化学教学大纲
|
|
| 作者: | ||
| 分册: | ||
| 出版信息: | 北京 人民教育出版社 1980 |
|
| 页数: | 16页 | |
| 开本: | 19cm | |
| 丛书名: | ||
| 单 册: | ||
| 中图分类: | O653 | |
| 科图分类: | ||
| 主题词: | 无机分析 | |
| 电子资源: | ||
| ISBN: | ||
| 000 | 00594nam0 2200217 45 | |
| 001 | 0178006154 | |
| 005 | 20070618094537.40 | |
| 010 | @dCNY0.05 | |
| 091 | @a7012.0324 | |
| 100 | @a19950726d1980 em y0chiy0121 ea | |
| 101 | 0 | @achi |
| 102 | @aCN@b110000 | |
| 105 | @ay z 000yy | |
| 200 | 10 | @a高等师范院校无机及分析化学教学大纲@Agao deng shi fan yuan xiao wu ji ji fen xi hua xue jiao xue da gang |
| 210 | @a北京@c人民教育出版社@d1980@h1981 | |
| 215 | @a16页@d19cm | |
| 300 | @a供生物专业试用 | |
| 606 | 0 | @a无机分析 |
| 690 | @aO653@v3 | |
| 801 | 0 | @aCN@bNLC@c20070618 |
| 905 | @dO653@e48 | |
| 高等师范院校无机及分析化学教学大纲.-北京:人民教育出版社,1980(1981) |
| 16页;19cm |
| 供生物专业试用 |
| ISBN :CNY0.05 |
| ● |
| 相关链接 |
|
|
|
|
正题名:高等师范院校无机及分析化学教学大纲
索取号:O653/48
 
预约/预借
| 序号 | 登录号 | 条形码 | 馆藏地/架位号 | 状态 | 备注 |
| 1 | 0652922 | 206529229 | 第二样本阅览室/ [索取号:O653/48] | 在馆 |